| 000 | 00758cam a2200241 a 4500 | ||
|---|---|---|---|
| 003 | MX-MxUPN | ||
| 005 | 20240321094637.0 | ||
| 008 | 190905s2006 ve a br 000 0 spa d | ||
| 020 | _a9803950169 | ||
| 035 | _aUPN01000232645 | ||
| 040 |
_aMX-MxUPN _bspa |
||
| 050 | 4 |
_aPC4105 _bR56 2006 |
|
| 100 | 1 |
_aRiobueno, Nelly _951447 |
|
| 245 | 1 | 3 | _aEl trabajo de las palabras |
| 260 |
_a[Venezuela] : _bEl Nacional, _cc2006 |
||
| 300 |
_a31 páginas : _bilustraciones a color |
||
| 490 | 0 |
_aColección brújula de papel. Lengua y literatura ; _v30 |
|
| 650 | 4 |
_951446 _aEspañol _xGramática _vLiteratura infantil |
|
| 700 | 1 |
_951448 _aGarcía, Carlos _eilustración |
|
| 902 | _bVíctorGodínez/210324 | ||
| 942 |
_2lcc _cLIBRO |
||
| 999 |
_c204740 _d204740 |
||